000 00810 a2200265 4500
001 00560nam a22001691a 4500
003 00560nam a22001691a 4500
005 20260128113321.0
008 260128c18789999mdubr p 0 a0eng c
022 _22348-8379
040 _erda
050 _aTK1 .I58/
245 _aINTERNATIONAL JOURNAL OF ELECTRICAL AND ELECTRONICS ENGINEERING (IJEEE)
260 _aNIGERIA
_bSSRG
_c2025
264 _aNIGERIA
_bSSRG
_c2025
300 _avol. 12, No. 3: ill. 30 cm
336 _2text rdacontent
_3text
337 _2unmediated rdamedia
338 _2Volume rdacarrier
440 _aElectrical engineering--Periodicals
490 _aElectrical engineering--Periodicals
650 _2Electrical engineering--Periodicals
655 _2Periodicals
942 _2lcc
_cSERIAL
999 _c44071
_d44071